Thực trạng khó khăn tâm lý của sinh viên ở các trường Đại học Đà Nẵng và nhu cầu hỗ trợ tâm lý.

Zapisane w:
Opis bibliograficzny
Kolejni autorzy: Phan, Thị Hương, Trần, Thảo Minh Trang, Nguyễn, Thị Trâm Anh Thạc sỹ (hướng dẫn), Lê, Thị Hồng, Lê, Như Linh Ngọc
Format: Książka
Język:Vietnamese
Wydane: Đà Nẵng Trường Đại học Sư phạm 2012
Hasła przedmiotowe:
Etykiety: Dodaj etykietę
Nie ma etykietki, Dołącz pierwszą etykiete!
Thư viện lưu trữ: Mạng thư viện Đại học Đà Nẵng
LEADER 01670nam a2200373 4500
001 000016923
003 13333
005 20130111140109.0
008 130111s2012 viesd
041 |a vie 
082 1 4 |a 371.46  |b Thư 
245 1 0 |a Thực trạng khó khăn tâm lý của sinh viên ở các trường Đại học Đà Nẵng và nhu cầu hỗ trợ tâm lý.  |c Phan Thị Hương, Lê Thị Hồng, Lê Như Linh Ngọc, Trần Thảo Minh Trang ; Nguyễn Thị Trâm Anh hướng dẫn  |k Báo cáo khoa học 
260 |a Đà Nẵng  |b Trường Đại học Sư phạm  |c 2012 
300 |a 91 tr., [Phụ lục tr., 75 - 91]  |c 29 cm. 
500 |a Công trình tham gia hội nghị sinh viên nghiên cứu khoa học Trường Đại học Sư phạm năm 2012. Khoa Tâm lý - Giáo dục. 
650 0 4 |a Tâm lý  |v Báo cáo khoa học  |x Nghiên cứu 
653 |a Nghiên cứu khoa học 
653 |a Khó khăn tâm lý 
700 1 |a Phan, Thị Hương 
700 1 |a Trần, Thảo Minh Trang 
700 1 |a Nguyễn, Thị Trâm Anh  |c Thạc sỹ  |e hướng dẫn 
700 1 |a Lê, Thị Hồng 
700 1 |a Lê, Như Linh Ngọc 
OWN |a LSP 
AVA |a UDN50  |b LSP  |d 371.46 Thư  |e available  |t Error 5001 Not defined in file expand_doc_bib_avail.  |f 1  |g 0  |h N  |i 0  |k 1 
999 |a From the UDN01 
AVA |a UDN50  |b LSP  |d 371.46 Thư  |e available  |t Error 5001 Not defined in file expand_doc_bib_avail.  |f 1  |g 0  |h N  |i 0  |k 1 
TYP |a Mixed Materials 
TYP |a Monograph 
TYP |a Printed language 
980 |a Mạng thư viện Đại học Đà Nẵng